Statistics for Five Biggest Countries by Alphabetical Limit

Click here to take the quiz!

General Stats

  • This quiz has been taken 998 times
  • The average score is 43 of 60

Answer Stats

Between this......and thisCountry% Correct
ChileEast TimorChina
90%
AfghanistanBelgiumAlgeria
88%
AfghanistanBelgiumArgentina
88%
AfghanistanBelgiumAustralia
88%
BelizeChadBrazil
88%
TuvaluZimbabweUnited States
88%
GambiaIndonesiaIndia
87%
NorwaySamoaRussia
85%
BelizeChadCanada
84%
EcuadorGabonFrance
83%
ChileEast TimorDR Congo
82%
GambiaIndonesiaIndonesia
82%
IranLebanonIraq
82%
AfghanistanBelgiumAngola
81%
GambiaIndonesiaGermany
80%
SwazilandTurkmenistanTurkey
80%
IranLebanonKazakhstan
79%
ChileEast TimorColombia
78%
IranLebanonIran
78%
LesothoMoldovaMexico
77%
MonacoNorth KoreaNiger
77%
San MarinoSurinameSaudi Arabia
77%
San MarinoSurinameSudan
77%
TuvaluZimbabweZambia
77%
BelizeChadChad
76%
ChileEast TimorChile
76%
EcuadorGabonEgypt
75%
EcuadorGabonEthiopia
75%
LesothoMoldovaLibya
75%
MonacoNorth KoreaNigeria
75%
TuvaluZimbabweUkraine
75%
BelizeChadBolivia
74%
LesothoMoldovaMali
74%
San MarinoSurinameSouth Africa
74%
SwazilandTurkmenistanSweden
74%
NorwaySamoaPeru
73%
IranLebanonJapan
72%
MonacoNorth KoreaMongolia
72%
NorwaySamoaPakistan
72%
TuvaluZimbabweVenezuela
72%
EcuadorGabonFinland
71%
AfghanistanBelgiumAfghanistan
68%
San MarinoSurinameSouth Sudan
68%
LesothoMoldovaMauritania
67%
SwazilandTurkmenistanTanzania
65%
MonacoNorth KoreaNamibia
64%
SwazilandTurkmenistanThailand
64%
SwazilandTurkmenistanTurkmenistan
64%
IranLebanonKenya
61%
San MarinoSurinameSomalia
60%
MonacoNorth KoreaMozambique
59%
TuvaluZimbabweYemen
58%
BelizeChadBurma
55%
EcuadorGabonEcuador
53%
LesothoMoldovaMadagascar
53%
NorwaySamoaParaguay
52%
NorwaySamoaPapua New Guinea
45%
GambiaIndonesiaGhana
44%
GambiaIndonesiaGuinea
38%
ChileEast TimorCote d'Ivoire
27%

Score Distribution

Percentile by Number Answered

Percent of People with Each Score

Your Score History

You have not taken this quiz